[Event "30. Internationales Böblinger Open"]
[Site "Böblingen"]
[Date "2013.12.29"]
[Round "7"]
[White "Wagener, Claude"]
[Black "Eisenbeiser, Amadeus"]
[Result "1/2-1/2"]
[WhiteElo "2217"]
[BlackElo "2341"]
[PlyCount "62"]
[EventDate "2013.12.26"]
[EventType "swiss"]
[EventRounds "9"]
[EventCountry "GER"]

1. e4 d6 2. d4 g6 3. Nc3 Bg7 4. Be3 a6 5. h4 Nd7 6. h5 b5 7. hxg6 hxg6 8. Rxh8
Bxh8 9. Qd2 Bb7 10. f3 e6 11. O-O-O Qe7 12. Bd3 Bg7 13. Kb1 Qf8 14. f4 Ngf6 15.
e5 Ng4 16. Nf3 Bxf3 17. gxf3 Nxe3 18. Qxe3 d5 19. Ne2 Nb6 20. Rh1 O-O-O 21. Qg1
Kb7 22. Qg5 Re8 23. Rh7 Qg8 24. Qh4 Rc8 25. Nc1 Nd7 26. Qh2 c5 27. dxc5 Nxc5
28. Nb3 Nxb3 29. axb3 Rc7 30. Qh4 Qf8 31. Qg5 Qg8 1/2-1/2

[Event "30. Internationales Böblinger Open"]
[Site "Böblingen"]
[Date "2013.12.30"]
[Round "8"]
[White "Burmakin, Vladimir"]
[Black "Schneider, Bernd"]
[Result "1-0"]
[WhiteElo "2585"]
[BlackElo "2240"]
[PlyCount "98"]
[EventDate "2013.12.26"]
[EventType "swiss"]
[EventRounds "9"]
[EventCountry "GER"]

1. d4 Nf6 2. c3 e6 3. Bf4 c5 4. e3 Be7 5. Nf3 b6 6. h3 O-O 7. Nbd2 d6 8. Be2
Ba6 9. O-O Bxe2 10. Qxe2 Qd7 11. Rfd1 cxd4 12. exd4 Nc6 13. a4 Rac8 14. Nc4 d5
15. Nce5 Qb7 16. Nxc6 Rxc6 17. Ne5 Rcc8 18. a5 b5 19. a6 Qb6 20. Bg5 Rc7 21.
Nd3 Ne4 22. Bxe7 Rxe7 23. Nb4 Rc7 24. Rd3 Qd6 25. Re3 Rb8 26. Re1 h6 27. Qd3
Rc4 28. f3 Nf6 29. Rf1 Qf4 30. Qd2 Rb6 31. Qf2 Nh5 32. Re5 g6 33. g4 Ng7 34.
Kg2 Kh7 35. Rd1 Rb8 36. Qe1 Rcc8 37. Nd3 Qf6 38. Nc5 Qd8 39. b4 Ne8 40. Rd2 Nd6
41. Rd1 Nc4 42. Re2 Rc7 43. Qf2 Qd6 44. Rde1 Rg8 45. Rh1 Qf4 46. Rf1 g5 47. Qe1
Rg6 48. h4 Rf6 49. Nd3 Qd6 {Rest unleserlich,  1-0 im 55.Zug /   Rest is
illegible, 1-0 move 55} 1-0

[Event "30. Internationales Böblinger Open"]
[Site "Böblingen"]
[Date "2013.12.30"]
[Round "8"]
[White "Commercon, Simon"]
[Black "Kachar, Vladimir"]
[Result "1/2-1/2"]
[WhiteElo "2164"]
[BlackElo "2290"]
[PlyCount "92"]
[EventDate "2013.12.26"]
[EventType "swiss"]
[EventRounds "9"]
[EventCountry "GER"]

1. d4 Nf6 2. Bg5 d5 3. Nc3 Nc6 4. e3 Bf5 5. Bb5 h6 6. Bxf6 exf6 7. Qf3 Be6 8.
Nge2 Qd7 9. h3 O-O-O 10. Nf4 Qd6 11. a3 Ne7 12. Bd3 Kb8 13. b4 f5 14. h4 Qd7
15. Bb5 Qd6 16. Nd3 Ng8 17. Nc5 Nf6 18. Bd3 Ne4 19. Ne2 Be7 20. Ng3 g6 21. a4
Bc8 22. a5 h5 23. Ne2 Bf6 24. g3 Rhe8 25. Rb1 Bg7 26. Rb3 Bh6 27. Nf4 Re7 28.
Bxe4 fxe4 29. Qe2 Bg4 30. Qf1 Bf3 31. Rg1 Bg4 32. b5 Qf6 33. Rh1 Bc8 34. Kd2 b6
35. Na4 Bxf4 36. gxf4 Qd6 37. Qa1 Bb7 38. Rg1 Ree8 39. Rg5 Qe7 40. Nc3 Rg8 41.
Qg1 Qe8 42. Ne2 f6 43. Rg3 Bc8 44. Qa1 Bb7 45. Qg1 Bc8 46. Qa1 Bb7 1/2-1/2

[Event "30. Internationales Böblinger Open"]
[Site "Böblingen"]
[Date "2013.12.30"]
[Round "8"]
[White "Dorst, Johannes"]
[Black "Novoselski, Zoran"]
[Result "0-1"]
[WhiteElo "2222"]
[BlackElo "2381"]
[PlyCount "88"]
[EventDate "2013.12.26"]
[EventType "swiss"]
[EventRounds "9"]
[EventCountry "GER"]

1. e4 e5 2. Nf3 Nc6 3. Bb5 Bc5 4. c3 Nf6 5. d4 Bb6 6. Nxe5 Qe7 7. Bxc6 bxc6 8.
O-O Nxe4 9. Re1 d5 10. Nd3 Be6 11. f3 Nd6 12. Nd2 O-O 13. Nb3 Nb7 14. Be3 a5
15. a4 Rfe8 16. Qd2 Qf8 17. Qf2 f6 18. Bf4 Rab8 19. g4 Bf7 20. Rxe8 Bxe8 21.
Re1 Bg6 22. Ndc5 Nxc5 23. Nxc5 Qd8 24. Re6 Bxc5 25. dxc5 Qd7 26. Re2 Bd3 27.
Re3 Bc4 28. Kg2 Kf7 29. Qc2 h6 30. Bxh6 d4 31. cxd4 Qxd4 32. Qh7 Qxb2+ 33. Kg3
Rg8 34. g5 Qa1 35. Qc2 Qg1+ 36. Kf4 fxg5+ 37. Bxg5 Rf8 38. Be7 g5+ 39. Ke4 Kxe7
40. Kd4+ Kd8 41. Qd2 Bd5 42. Qxa5 Rf4+ 43. Kd3 Qd1+ 44. Qd2 Rd4+ 0-1

[Event "30. Internationales Böblinger Open"]
[Site "Böblingen"]
[Date "2013.12.30"]
[Round "8"]
[White "Eisenbeiser, Amadeus"]
[Black "Bijlsma, Nick"]
[Result "1-0"]
[WhiteElo "2341"]
[BlackElo "2178"]
[PlyCount "97"]
[EventDate "2013.12.26"]
[EventType "swiss"]
[EventRounds "9"]
[EventCountry "GER"]

1. e4 c5 2. Nf3 d6 3. Bc4 Nf6 4. Qe2 Nc6 5. c3 e6 6. Bb3 Be7 7. O-O O-O 8. d4
cxd4 9. cxd4 d5 10. e5 Ne4 11. Bc2 f5 12. exf6 Bxf6 13. Nc3 Nd6 14. Bf4 g6 15.
Rad1 Nf7 16. Bg3 Bd7 17. h4 Qe7 18. Bb1 a6 19. Rfe1 Nh6 20. h5 gxh5 21. Ne5
Nxe5 22. Bxe5 Ng4 23. Bg3 Qg7 24. Qd2 Bg5 25. Qd3 Rf7 26. f3 Ne3 27. Be5 Qh6
28. f4 Nxd1 29. fxg5 Qxg5 30. Rxd1 h4 31. Rf1 Raf8 32. Kh2 Qh6 33. Rxf7 Rxf7
34. Qe2 Qg5 35. Bd3 Be8 36. Qc2 Qh6 37. Nd1 Bc6 38. Nf2 Qh5 39. Nh3 Qg4 40. Qd2
Bb5 41. Bxb5 axb5 42. Qc1 Rf8 43. Qc7 Rf1 44. Qc8+ Kf7 45. Qxb7+ Kg8 46. Qc8+
Kf7 47. Qd7+ Kg8 48. Qe8+ Rf8 49. Qxb5 1-0

[Event "30. Internationales Böblinger Open"]
[Site "Böblingen"]
[Date "2013.12.30"]
[Round "8"]
[White "Gavrilov, Alexei V"]
[Black "Maiorov, Nikita"]
[Result "1-0"]
[WhiteElo "2452"]
[BlackElo "2552"]
[PlyCount "51"]
[EventDate "2013.12.26"]
[EventType "swiss"]
[EventRounds "9"]
[EventCountry "GER"]

1. d4 Nf6 2. c4 e6 3. Nf3 b6 4. g3 Bb7 5. Bg2 Be7 6. O-O O-O 7. Nc3 Ne4 8. Bd2
d6 9. Ne1 Nxc3 10. Bxc3 Bxg2 11. Nxg2 d5 12. cxd5 exd5 13. Rc1 a5 14. Qd3 Re8
15. Rc2 Ra7 16. Rfc1 Bf8 17. Ne3 c6 18. Bd2 Rd7 19. a3 Bd6 20. Ng2 Be7 21. Bf4
Bd6 22. b4 Bxf4 23. Nxf4 Rd6 24. Qf3 Qf6 25. e3 Nd7 26. Kg2 {Rest unleserlich,
1-0 im 60.Zug /   Rest is illegible, 1-0 move 60} 1-0

[Event "30. Internationales Böblinger Open"]
[Site "Böblingen"]
[Date "2013.12.30"]
[Round "8"]
[White "Jelica, Mara"]
[Black "Meiser, Markus"]
[Result "1/2-1/2"]
[WhiteElo "2244"]
[BlackElo "2153"]
[PlyCount "92"]
[EventDate "2013.12.26"]
[EventType "swiss"]
[EventRounds "9"]
[EventCountry "GER"]

1. e4 c5 2. Nf3 e6 3. d4 cxd4 4. Nxd4 Nf6 5. Nc3 d6 6. Bg5 Be7 7. Qf3 Qa5 8.
Bb5+ Bd7 9. O-O-O O-O 10. Nb3 Qc7 11. Qg3 Nh5 12. Qh4 Bxg5+ 13. Qxg5 Nf6 14.
Bxd7 Nbxd7 15. Qg3 e5 16. Nb5 Qb6 17. Nxd6 g6 18. Rhe1 Rad8 19. Re3 Nh5 20. Qf3
Nf4 21. g3 Ne6 22. Red3 Ndc5 23. Nxc5 Nxc5 24. Rd5 Ne6 25. c3 Qa6 26. Kb1 Nc7
27. R5d2 Rd7 28. Nf5 Rxd2 29. Ne7+ Kg7 30. Rxd2 Re8 31. Rd7 Qe6 32. Rxc7 Rxe7
33. Rxe7 Qxe7 34. Qe3 Qd7 35. Kc2 Qa4+ 36. Kc1 Qxa2 37. Qc5 Qa1+ 38. Kc2 Qa4+
39. Kd3 Qd1+ 40. Ke3 Qc1+ 41. Kf3 Qxb2 42. Qxe5+ Kg8 43. Qe8+ Kg7 44. Qe5+ Kg8
45. Qd4 b6 46. h4 h5 1/2-1/2

[Event "30. Internationales Böblinger Open"]
[Site "Böblingen"]
[Date "2013.12.30"]
[Round "8"]
[White "Kabisch, Thilo"]
[Black "Gschnitzer, Oswald"]
[Result "1-0"]
[WhiteElo "2262"]
[BlackElo "2426"]
[PlyCount "81"]
[EventDate "2013.12.26"]
[EventType "swiss"]
[EventRounds "9"]
[EventCountry "GER"]

1. d3 d5 2. Nf3 Nc6 3. g3 e5 4. Bg2 h6 5. O-O Be6 6. Nc3 Nf6 7. e4 dxe4 8. dxe4
Bb4 9. Bd2 O-O 10. Nh4 Nd4 11. h3 Bc4 12. Re1 Bxc3 13. bxc3 Nb5 14. f4 Re8 15.
a4 Nd6 16. fxe5 Rxe5 17. Bf4 Rxe4 18. Bxe4 Ndxe4 19. Be5 Qf8 20. Qd4 Bd5 21.
Bxf6 Nxf6 22. Nf5 Kh7 23. Rad1 Be6 24. Rf1 Ne8 25. Kh2 g6 26. Ne3 Nd6 27. Rd2
Nf5 28. Nxf5 Bxf5 29. Rdf2 Qg7 30. g4 Be6 31. Rf6 a5 32. Qe5 Rd8 33. Qxc7 Rd2+
34. R6f2 Rxf2+ 35. Rxf2 Qf8 36. Qe5 Qe8 37. Rd2 Qxa4 38. Rd8 Qxc2+ 39. Kg3 g5
40. Rh8+ Kg6 41. Rg8+ 1-0

[Event "30. Internationales Böblinger Open"]
[Site "Böblingen"]
[Date "2013.12.30"]
[Round "8"]
[White "Kersten, Uwe"]
[Black "Schroeter, Samuel"]
[Result "1/2-1/2"]
[WhiteElo "2280"]
[BlackElo "2095"]
[PlyCount "86"]
[EventDate "2013.12.26"]
[EventType "swiss"]
[EventRounds "9"]
[EventCountry "GER"]

1. d4 g6 2. e4 Bg7 3. c4 c5 4. d5 d6 5. Bd3 Na6 6. Nc3 Nf6 7. f4 O-O 8. Nf3 e6
9. dxe6 fxe6 10. O-O Nb4 11. Bb1 Nc6 12. Kh1 Nh5 13. Ng5 h6 14. Nh3 Nf6 15. Be3
e5 16. f5 Nd4 17. g4 g5 18. Nf2 Bd7 19. Bd3 Rb8 20. Kg2 Ne8 21. Qd2 Bc6 22. h4
Bf6 23. hxg5 Bxg5 24. Bxg5 Qxg5 25. Qxg5+ hxg5 26. Rh1 Nf6 27. Rh6 Kf7 28. Rah1
Rg8 29. Nb5 a6 30. Nc3 b5 31. cxb5 axb5 32. a4 Ke7 33. axb5 Nxb5 34. Bxb5 Bxb5
35. Nd5+ Nxd5 36. Rh7+ Kf8 37. exd5 Bc4 38. Rd1 Rxb2 39. Rd7 e4 40. Kg1 e3 41.
Ne4 e2 42. Re1 Ra2 43. Rb1 Rb2 1/2-1/2

[Event "30. Internationales Böblinger Open"]
[Site "Böblingen"]
[Date "2013.12.30"]
[Round "8"]
[White "Khadempour, Farhad"]
[Black "Neyman, Igor"]
[Result "0-1"]
[WhiteElo "2160"]
[BlackElo "2301"]
[PlyCount "102"]
[EventDate "2013.12.26"]
[EventType "swiss"]
[EventRounds "9"]
[EventCountry "GER"]

1. e4 c5 2. Nf3 Nc6 3. d4 cxd4 4. Nxd4 e5 5. Nb5 d6 6. N1c3 a6 7. Na3 Be7 8.
Nc4 Be6 9. Be2 b5 10. Ne3 Bg5 11. O-O Nd4 12. Bd3 Ne7 13. Ncd5 O-O 14. c3 Ndc6
15. Qh5 Bxe3 16. Bxe3 Ng6 17. c4 bxc4 18. Bxc4 Nb4 19. Rad1 Nxd5 20. Bxd5 Rb8
21. Qe2 a5 22. Rd2 Bxd5 23. Rxd5 Ne7 24. Rd2 Qc7 25. Rfd1 Qc6 26. f3 Rfd8 27.
Rc2 Qb7 28. Bf2 Rd7 29. Rd3 Qa6 30. Qd1 h6 31. Rcd2 Rbd8 32. Qb3 Rb7 33. Qa3
Rc7 34. b4 a4 35. Bc5 Rc6 36. Qb2 Qb5 37. Rxd6 Rdxd6 38. Rxd6 Rxc5 39. Qd2 Rc7
40. Rd8+ Kh7 41. h3 Nc6 42. Qd6 Qb7 43. Re8 Rd7 44. Qc5 Nxb4 45. Qxe5 Qb6+ 46.
Kf1 Nd3 47. Qg3 Qb1+ 48. Ke2 Qc2+ 49. Ke3 Qc1+ 50. Ke2 Nf4+ 51. Kf2 Rd2+ 0-1

[Event "30. Internationales Böblinger Open"]
[Site "Böblingen"]
[Date "2013.12.30"]
[Round "8"]
[White "Kvetny, Mark"]
[Black "Vuckovic, Aleksandar"]
[Result "1/2-1/2"]
[WhiteElo "2239"]
[BlackElo "2317"]
[PlyCount "74"]
[EventDate "2013.12.26"]
[EventType "swiss"]
[EventRounds "9"]
[EventCountry "GER"]

1. d4 e6 2. c4 d5 3. Nc3 Be7 4. cxd5 exd5 5. Bf4 c6 6. e3 Bf5 7. g4 Bg6 8. h4
h6 9. h5 Bh7 10. Bd3 Nf6 11. Nf3 Nbd7 12. g5 hxg5 13. Nxg5 Bxd3 14. Qxd3 Rxh5
15. O-O-O Nf8 16. Ne2 Qd7 17. Ng3 Rxh1 18. Rxh1 g6 19. f3 c5 20. dxc5 Rc8 21.
Kb1 Rxc5 22. Be5 a6 23. Bd4 Rc6 24. Rh8 Qc7 25. Ne2 Nh5 26. f4 Bf6 27. Bxf6
Nxf6 28. a3 Ke7 29. Nc3 Qd6 30. Qd4 Ne6 31. Qa7 d4 32. exd4 Qxd4 33. Qxb7+ Rc7
34. Qxa6 Rxc3 35. bxc3 Qd1+ 36. Kb2 Qd2+ 37. Kb1 Qd1+ 1/2-1/2

[Event "30. Internationales Böblinger Open"]
[Site "Böblingen"]
[Date "2013.12.30"]
[Round "8"]
[White "Malek, Daniel"]
[Black "Schrems, Hermann"]
[Result "1-0"]
[WhiteElo "2389"]
[BlackElo "2175"]
[PlyCount "57"]
[EventDate "2013.12.26"]
[EventType "swiss"]
[EventRounds "9"]
[EventCountry "GER"]

1. d4 Nf6 2. c4 g6 3. Nc3 d5 4. cxd5 Nxd5 5. e4 Nxc3 6. bxc3 Bg7 7. Bc4 c5 8.
Ne2 O-O 9. O-O Nc6 10. Be3 Bd7 11. Rc1 Na5 12. Bd3 c4 13. Bc2 b6 14. Qd2 e5 15.
f4 Bg4 16. fxe5 Bxe5 17. Bg5 Qd6 18. h3 Bxe2 19. Qxe2 Bg7 20. e5 Qa3 21. Be4
Rae8 22. Bd5 Bxe5 23. Qf2 Bg7 24. Bxf7+ Kh8 25. Qh4 Rxf7 26. Rxf7 Nc6 27. Rxg7
Kxg7 28. Bh6+ Kg8 29. Qf6 1-0

[Event "30. Internationales Böblinger Open"]
[Site "Böblingen"]
[Date "2013.12.30"]
[Round "8"]
[White "Matnadze, Ana"]
[Black "Fedorovsky, Michael"]
[Result "0-1"]
[WhiteElo "2382"]
[BlackElo "2388"]
[PlyCount "100"]
[EventDate "2013.12.26"]
[EventType "swiss"]
[EventRounds "9"]
[EventCountry "GER"]

1. Nf3 d5 2. b3 Nf6 3. Bb2 e6 4. d4 c5 5. e3 Nc6 6. Bd3 Bd6 7. Ne5 Qc7 8. f4
cxd4 9. exd4 Ne4 10. O-O O-O 11. Nd2 f5 12. Ndf3 Bd7 13. a3 Be8 14. c4 a5 15.
Rc1 Qe7 16. c5 Bxe5 17. Nxe5 Nxe5 18. fxe5 Qg5 19. Rc2 Qe3+ 20. Kh1 Bh5 21. Be2
Bg4 22. Bc1 Qxb3 23. Rb2 Qxd1 24. Bxd1 Bxd1 25. Rxd1 b6 26. cxb6 Rfb8 27. Rf1
Ra6 28. g4 Raxb6 29. Rxb6 Rxb6 30. gxf5 exf5 31. Be3 Rb3 32. Bg1 g6 33. Rc1 Nc3
34. a4 Kf7 35. Bf2 f4 36. Be1 Ne2 37. Rc7+ Ke6 38. Rc6+ Kf5 39. Rf6+ Kg4 40.
Kg2 f3+ 41. Kf1 Nxd4 42. h3+ Kxh3 43. Rf4 Nf5 44. Kf2 Ng3 45. e6 g5 46. e7 g4
47. Bd2 Nh1+ 48. Kf1 Rb1+ 49. Be1 Ng3+ 50. Kf2 Rb2+ 0-1

[Event "30. Internationales Böblinger Open"]
[Site "Böblingen"]
[Date "2013.12.30"]
[Round "8"]
[White "Nasshan, Dennis"]
[Black "Winterberg, Lukas"]
[Result "0-1"]
[WhiteElo "2162"]
[BlackElo "2305"]
[PlyCount "96"]
[EventDate "2013.12.26"]
[EventType "swiss"]
[EventRounds "9"]
[EventCountry "GER"]

1. e4 c5 2. Nf3 e6 3. c3 d5 4. exd5 Qxd5 5. d4 Nf6 6. Be2 Nc6 7. O-O Be7 8. c4
Qd8 9. dxc5 Qxd1 10. Rxd1 Bxc5 11. Nc3 O-O 12. a3 a5 13. b3 e5 14. Nd5 Ng4 15.
Ne3 Nxe3 16. Bxe3 Bxe3 17. fxe3 f6 18. Kf2 Be6 19. Rd6 Kf7 20. Rad1 Ke7 21.
R6d2 g5 22. Rb2 Rfc8 23. Rc1 h6 24. g3 Nb8 25. Nd2 f5 26. b4 axb4 27. axb4 Nd7
28. c5 e4 29. Nc4 Bxc4 30. Rxc4 b6 31. cxb6 Rxc4 32. Bxc4 Nxb6 33. Ra2 Rc8 34.
Be2 Nd5 35. Ra7+ Kd6 36. Ra6+ Ke5 37. Rxh6 Rc2 38. Ke1 Nxe3 39. Rh5 Kf6 40.
Rh6+ Ke5 41. Rh5 Kf6 42. Rh6+ Kg7 43. Rd6 Rb2 44. b5 f4 45. gxf4 gxf4 46. Rd2
Rb1+ 47. Kf2 Ng4+ 48. Kg2 Ne5 0-1

[Event "30. Internationales Böblinger Open"]
[Site "Böblingen"]
[Date "2013.12.30"]
[Round "8"]
[White "Noe, Christopher"]
[Black "Milov, Leonid"]
[Result "1/2-1/2"]
[WhiteElo "2253"]
[BlackElo "2525"]
[PlyCount "122"]
[EventDate "2013.12.26"]
[EventType "swiss"]
[EventRounds "9"]
[EventCountry "GER"]

1. Nf3 f5 2. g3 Nf6 3. Bg2 d6 4. d4 g6 5. c4 Bg7 6. Nc3 O-O 7. O-O c6 8. b3 Qa5
9. Bb2 e5 10. dxe5 dxe5 11. e4 Na6 12. Qe2 f4 13. a3 Nh5 14. b4 Qc7 15. Nd2 Qf7
16. c5 Nc7 17. Rfd1 Be6 18. Bf3 h6 19. Qf1 Rad8 20. Be2 Kh7 21. Nf3 Rde8 22.
Nd2 Qe7 23. Qe1 Qf7 24. f3 fxg3 25. hxg3 Rd8 26. Nf1 Bb3 27. Rxd8 Rxd8 28. Nb1
Ne6 29. Nbd2 Nd4 30. Bxd4 Rxd4 31. Nxb3 Qxb3 32. Qb1 Qe6 33. Kg2 Qe7 34. Qc1
Bf6 35. Qe1 Qe6 36. Rd1 Qa2 37. Rxd4 exd4 38. Qd2 Qxa3 39. f4 Qc3 40. e5 Bg7
41. Qxc3 dxc3 42. Ne3 Bf8 43. f5 a5 44. bxa5 Bxc5 45. Nc2 Kg7 46. f6+ Nxf6 47.
exf6+ Kxf6 48. a6 bxa6 49. Bxa6 Bd6 50. Bd3 Be5 51. Kh3 c5 52. Be4 h5 53. Bd3
Kg5 54. Na3 Kh6 55. g4 Kg5 56. gxh5 gxh5 57. Nc2 Bf6 58. Be4 Kf4 59. Bg6 h4 60.
Bh7 Kf3 61. Bg6 Ke2 1/2-1/2

[Event "30. Internationales Böblinger Open"]
[Site "Böblingen"]
[Date "2013.12.30"]
[Round "8"]
[White "Schmitz, Thorsten"]
[Black "Veys, Vincent"]
[Result "1-0"]
[WhiteElo "2302"]
[BlackElo "2167"]
[PlyCount "73"]
[EventDate "2013.12.26"]
[EventType "swiss"]
[EventRounds "9"]
[EventCountry "GER"]

1. c4 e5 2. g3 Nf6 3. Bg2 Nc6 4. Nc3 Bc5 5. Nf3 d6 6. O-O O-O 7. e3 Bb6 8. d4
Bg4 9. h3 Bh5 10. g4 Bg6 11. Nh4 Nd7 12. Nxg6 hxg6 13. dxe5 Ndxe5 14. b3 Qf6
15. Bb2 Qh4 16. Nd5 f5 17. g5 Qxg5 18. f4 Qh6 19. fxe5 Bxe3+ 20. Nxe3 Qxe3+ 21.
Kh1 dxe5 22. Re1 Qf2 23. Bxe5 Nxe5 24. Rxe5 Rad8 25. Qe2 Qf4 26. Rf1 Qg5 27.
Qe3 Qh4 28. Bd5+ Kh7 29. Rf4 Qh6 30. Qg3 g5 31. Rfxf5 Rxf5 32. Rxf5 c6 33. Be4
Kg8 34. Bg2 Rd1+ 35. Kh2 Rd2 36. Rxg5 Rxa2 37. Rg6 1-0

[Event "30. Internationales Böblinger Open"]
[Site "Böblingen"]
[Date "2013.12.30"]
[Round "8"]
[White "Schoen, Ralf"]
[Black "Heimrath, Reiner"]
[Result "1/2-1/2"]
[WhiteElo "2158"]
[BlackElo "2271"]
[PlyCount "122"]
[EventDate "2013.12.26"]
[EventType "swiss"]
[EventRounds "9"]
[EventCountry "GER"]

1. e4 c5 2. Nf3 b6 3. c4 Bb7 4. Nc3 d6 5. d3 e6 6. Be2 Nd7 7. O-O Ngf6 8. h3 a6
9. Bf4 Qc7 10. Qc2 Be7 11. Bh2 O-O 12. Rfe1 Rac8 13. Bf1 Bc6 14. Rac1 Rfe8 15.
a3 Qb7 16. d4 cxd4 17. Nxd4 Ne5 18. f4 Ng6 19. f5 Nf8 20. fxe6 fxe6 21. e5 dxe5
22. Nxc6 Qxc6 23. Bxe5 Rcd8 24. Ne4 Ng6 25. Bh2 Rd4 26. Bd3 Red8 27. Nxf6+ Bxf6
28. Bxg6 hxg6 29. Qxg6 Rxc4 30. Rxc4 Qxc4 31. Be5 Bxe5 32. Rxe5 Qc1+ 33. Kh2
Qf4+ 34. Qg3 Qxg3+ 35. Kxg3 Rd3+ 36. Kf2 Rb3 37. Rxe6 Rxb2+ 38. Kf3 Kf7 39. Rc6
a5 40. a4 Rb4 41. g3 g5 42. Kf2 Ke7 43. Rg6 Kd7 44. Rxg5 Rxa4 45. h4 Ra1 46. h5
a4 47. h6 Rh1 48. Rg7+ Kd6 49. Ra7 Rxh6 50. Rxa4 Kc5 51. g4 b5 52. Ra1 b4 53.
Kg3 b3 54. g5 Rd6 55. Kg4 Rd2 56. Kf5 b2 57. Rb1 Kd6 58. Kf6 Rf2+ 59. Kg7 Ke6
60. g6 Rg2 61. Re1+ Kd5 1/2-1/2

[Event "30. Internationales Böblinger Open"]
[Site "Böblingen"]
[Date "2013.12.30"]
[Round "8"]
[White "Starostits, Ilmars"]
[Black "Degenhardt, Horst"]
[Result "1-0"]
[WhiteElo "2458"]
[BlackElo "2248"]
[PlyCount "91"]
[EventDate "2013.12.26"]
[EventType "swiss"]
[EventRounds "9"]
[EventCountry "GER"]

1. e4 d6 2. d4 Nf6 3. Nc3 e5 4. Nf3 Nbd7 5. Bc4 Be7 6. O-O O-O 7. h3 c6 8. a4
a5 9. Be3 exd4 10. Bxd4 Nb6 11. Bb3 d5 12. exd5 Nbxd5 13. Re1 Re8 14. Re5 Be6
15. Ng5 Nxc3 16. Nxe6 Nxd1 17. Nxd8 Raxd8 18. Rxd1 c5 19. Rde1 Bd6 20. Rxe8+
Rxe8 21. Rxe8+ Nxe8 22. Be3 b6 23. Kf1 Be5 24. c3 Nd6 25. Ke2 Kf8 26. Kd3 Ke7
27. f4 Bf6 28. Bd5 Nf5 29. Bg1 Kd6 30. Bxf7 Kc6 31. Bh5 Nd6 32. Bf3+ Kc7 33.
Bd5 h6 34. g4 g5 35. Be3 Be7 36. Ke2 Bf6 37. Kf3 Kd7 38. fxg5 hxg5 39. b4 cxb4
40. cxb4 Kc7 41. b5 Bd8 42. Bd4 Kd7 43. Be5 Be7 44. Ke3 Bd8 45. Kd4 Be7 46. Bg7
1-0

[Event "30. Internationales Böblinger Open"]
[Site "Böblingen"]
[Date "2013.12.30"]
[Round "8"]
[White "Vujic, Branimir"]
[Black "Makka, Ioulia"]
[Result "1-0"]
[WhiteElo "2349"]
[BlackElo "2165"]
[PlyCount "113"]
[EventDate "2013.12.26"]
[EventType "swiss"]
[EventRounds "9"]
[EventCountry "GER"]

1. d4 Nf6 2. Bf4 d5 3. e3 c6 4. c4 e6 5. Nc3 Nbd7 6. Nf3 Be7 7. Bd3 Qa5 8. O-O
dxc4 9. Bxc4 Nd5 10. Nxd5 exd5 11. Bd3 Qd8 12. Qc2 Nf6 13. h3 O-O 14. Ne5 Be6
15. Rab1 g6 16. b4 Rc8 17. Rfc1 Nh5 18. Bh6 Ng7 19. Qe2 Bd6 20. Nf3 Re8 21.
Bxg7 Kxg7 22. b5 c5 23. dxc5 Bxc5 24. Rd1 Qf6 25. Qb2 Qxb2 26. Rxb2 Ba3 27. Rc2
Kf6 28. Nd4 Bc5 29. Nb3 Ba3 30. Na5 Re7 31. Rxc8 Bxc8 32. Be2 Be6 33. Bf3 Ke5
34. g4 Rc7 35. Rd4 Bb2 36. Ra4 Bc3 37. Nb3 b6 38. Kg2 g5 39. Kg3 Kd6 40. Nd4
Bxd4 41. Rxd4 Rc4 42. Be2 Rc2 43. Bd3 Rxa2 44. Bxh7 Kc5 45. Bd3 Bd7 46. f4 f6
47. h4 gxh4+ 48. Kxh4 Rh2+ 49. Kg3 Rh1 50. Be4 dxe4 51. Rxd7 Ra1 52. f5 Kxb5
53. Rf7 a5 54. Rxf6 a4 55. Rf8 Rf1 56. g5 a3 57. f6 1-0

[Event "30. Internationales Böblinger Open"]
[Site "Böblingen"]
[Date "2013.12.30"]
[Round "8"]
[White "Wagener, Claude"]
[Black "Schmid, Roland"]
[Result "1/2-1/2"]
[WhiteElo "2217"]
[BlackElo "2261"]
[PlyCount "56"]
[EventDate "2013.12.26"]
[EventType "swiss"]
[EventRounds "9"]
[EventCountry "GER"]

1. e4 e6 2. d4 d5 3. Nd2 c5 4. exd5 Qxd5 5. Ngf3 cxd4 6. Bc4 Qd6 7. O-O Nf6 8.
Nb3 Nc6 9. Nbxd4 Nxd4 10. Nxd4 a6 11. Bb3 Qc7 12. Qf3 Bd6 13. h3 Be5 14. c3 O-O
15. Re1 Nd7 16. Be3 Bh2+ 17. Kh1 Bd6 18. Rad1 Ne5 19. Qh5 Ng6 20. Bc2 Be7 21.
Nf3 Bd7 22. Ng5 Bxg5 23. Qxg5 Bc6 24. h4 h6 25. Qg4 Qe7 26. Bxg6 fxg6 27. Bd4
Rf5 28. Re5 Raf8 1/2-1/2

[Event "30. Internationales Böblinger Open"]
[Site "Böblingen"]
[Date "2013.12.30"]
[Round "9"]
[White "Barthel, Ansgar"]
[Black "Schoen, Ralf"]
[Result "1-0"]
[WhiteElo "2225"]
[BlackElo "2158"]
[PlyCount "41"]
[EventDate "2013.12.26"]
[EventType "swiss"]
[EventRounds "9"]
[EventCountry "GER"]

1. e4 c5 2. Nf3 d6 3. d4 cxd4 4. Nxd4 Nf6 5. Nc3 a6 6. f4 e6 7. Qf3 Qc7 8. Be3
Be7 9. O-O-O O-O 10. g4 Nc6 11. g5 Ne8 12. Bd3 Bd7 13. h4 b5 14. Kb1 Nxd4 15.
Bxd4 b4 16. Ne2 e5 17. Be3 exf4 18. Nxf4 Be6 19. e5 Qc8 20. Nxe6 fxe6 21. Bxh7+
1-0

[Event "30. Internationales Böblinger Open"]
[Site "Böblingen"]
[Date "2013.12.30"]
[Round "9"]
[White "Degenhardt, Horst"]
[Black "Vujic, Branimir"]
[Result "0-1"]
[WhiteElo "2248"]
[BlackElo "2349"]
[PlyCount "80"]
[EventDate "2013.12.26"]
[EventType "swiss"]
[EventRounds "9"]
[EventCountry "GER"]

1. e4 d5 2. exd5 Nf6 3. Bb5+ Bd7 4. Be2 Nxd5 5. d4 Bf5 6. Nf3 e6 7. O-O Be7 8.
a3 Nc6 9. c4 Nb6 10. Be3 Bf6 11. Nc3 O-O 12. Rc1 Qd7 13. Qd2 Na5 14. Ne4 Nb3
15. Nxf6+ gxf6 16. Qc3 Nxc1 17. Rxc1 Qe7 18. Bh6 Rfe8 19. h4 Kh8 20. d5 e5 21.
h5 Rg8 22. Nh4 Bd7 23. f4 Rae8 24. Rf1 Qc5+ 25. Kh1 Qd4 26. Qc2 e4 27. f5 Rg5
28. b3 c6 29. d6 c5 30. g4 Bc6 31. Ng2 e3 32. Bxg5 fxg5 33. Rd1 Qe5 34. Bd3 Nd7
35. Re1 Qxd6 36. Kg1 Qg3 37. Qc3+ f6 38. Bf1 Qf2+ 39. Kh2 Ne5 40. Rxe3 Nxg4+
0-1

[Event "30. Internationales Böblinger Open"]
[Site "Böblingen"]
[Date "2013.12.30"]
[Round "9"]
[White "Fedorovsky, Michael"]
[Black "Burmakin, Vladimir"]
[Result "1/2-1/2"]
[WhiteElo "2388"]
[BlackElo "2585"]
[PlyCount "30"]
[EventDate "2013.12.26"]
[EventType "swiss"]
[EventRounds "9"]
[EventCountry "GER"]

1. d4 d5 2. c4 c6 3. cxd5 cxd5 4. Bf4 e6 5. Nc3 Bd6 6. Bxd6 Qxd6 7. e3 Nf6 8.
Bd3 O-O 9. f4 a6 10. Nf3 b5 11. O-O Bb7 12. Rc1 Nbd7 13. Ne5 Rac8 14. Qe2 Ne4
15. a4 bxa4 1/2-1/2

[Event "30. Internationales Böblinger Open"]
[Site "Böblingen"]
[Date "2013.12.30"]
[Round "9"]
[White "Heimrath, Reiner"]
[Black "Steinhart, Karl Heinz"]
[Result "1-0"]
[WhiteElo "2271"]
[BlackElo "2151"]
[PlyCount "79"]
[EventDate "2013.12.26"]
[EventType "swiss"]
[EventRounds "9"]
[EventCountry "GER"]

1. e4 e6 2. d3 d5 3. Nd2 c5 4. Ngf3 Nc6 5. c3 Nf6 6. Be2 Be7 7. O-O O-O 8. Re1
b5 9. Bf1 dxe4 10. Nxe4 Bb7 11. Qb3 a6 12. Bg5 Nxe4 13. Bxe7 Qxe7 14. dxe4 c4
15. Qc2 Rfd8 16. e5 h6 17. Qe2 Rd3 18. Rad1 Rad8 19. Rxd3 Rxd3 20. Rd1 Rxd1 21.
Qxd1 Qd8 22. Qxd8+ Nxd8 23. Nd4 Nc6 24. Nxc6 Bxc6 25. f4 Kf8 26. Kf2 Ke7 27.
Ke3 Kd7 28. Kd4 Kc7 29. Kc5 Be4 30. g3 Bc6 31. Be2 g6 32. h4 h5 33. a4 bxa4 34.
Bxc4 Bb7 35. Be2 Bc8 36. g4 hxg4 37. Bxg4 Bd7 38. Be2 Bc8 39. h5 gxh5 40. Bxh5
1-0